Guardianes de la fe / (Registro nro. 15301)

Detalles MARC
000 -CABECERA
campo de control de longitud fija 02294nam a2200349 a 4500
001 - NÚMERO DE CONTROL
campo de control 000012336
003 - IDENTIFICADOR DEL NÚMERO DE CONTROL
campo de control DO-SdBPM
005 - FECHA Y HORA DE LA ÚLTIMA TRANSACCIÓN
campo de control 20250731125418.0
007 - CAMPO FIJO DE DESCRIPCIÓN FÍSICA--INFORMACIÓN GENERAL
campo de control de longitud fija ta
008 - DATOS DE LONGITUD FIJA--INFORMACIÓN GENERAL
campo de control de longitud fija 091111t2019 dr a r 000 0 spa d
020 ## - NÚMERO INTERNACIONAL ESTÁNDAR DEL LIBRO
Número Internacional Estándar del Libro 9789945906776
040 ## - FUENTE DE LA CATALOGACIÓN
Centro catalogador/agencia de origen DO-SdBPM
Lengua de catalogación spa
Centro/agencia transcriptor BPMSU
Centro/agencia modificador rda
082 #4 - NÚMERO DE LA CLASIFICACIÓN DECIMAL DEWEY
Número de clasificación 970.015
Número de documento/Ítem P936g 2019
Número de edición 22
100 1# - ENTRADA PRINCIPAL--NOMBRE DE PERSONA
Nombre de persona Presinary Lebrón, C. H.,
Fechas asociadas al nombre 1953-
Término indicativo de función/relación autor
245 10 - MENCIÓN DE TÍTULO
Título Guardianes de la fe /
Mención de responsabilidad, etc. C. H. Presinary Lebrón.
264 ## - PRODUCCIÓN, PUBLICACIÓN, DISTRIBUCIÓN, FABRICACIÓN Y COPYRIGHT
Producción, publicación, distribución, fabricación y copyright Santo Domingo :
Nombre del de productor, editor, distribuidor, fabricante Oceano Azul,
Fecha de producción, publicación, distribución, fabricación o copyright 2019.
300 ## - DESCRIPCIÓN FÍSICA
Extensión 150 páginas :
Otras características físicas ilustraciones, fotos, planos, mapas ;
Dimensiones 25 cm.
336 ## - TIPO DE CONTENIDO
Término de tipo de contenido texto
Código de tipo de contenido txt
Fuente rdacontent
337 ## - TIPO DE MEDIO
Nombre/término del tipo de medio sin mediación
Código del tipo de medio n
Fuente rdamedia
338 ## - TIPO DE SOPORTE
Nombre/término del tipo de soporte volumen
Código del tipo de soporte nc
Fuente rdacarrier
500 ## - NOTA GENERAL
Nota general Incluye datos biográficos del autor en las solapas
500 ## - NOTA GENERAL
Nota general
500 ## - NOTA GENERAL
Nota general Incluye referencias bibliográficas y notas al pie de las páginas
504 ## - NOTA DE BIBLIOGRAFÍA, ETC.
Nota de bibliografía, etc. Bibliografía : páginas 147-151
505 0# - NOTA DE CONTENIDO CON FORMATO
Nota de contenido con formato Abdera castellana y cristiana -Adra hoy: el cerro de Montecristo y tesoros arqueológicos. GENESIS DE UNA EMPRESA CONQUISTADORA: --Pablo en la Hispania romana y precursor de los Siete Varones --San pablo y los Siete Varones --Los Siete Varones y la tradición jacobea --Misión evangelizadora de los Siete Varones. Desembarco en Adra. Documentos que recogen la tradición de los siete varones. ES O NO UN NUEVO MUNDO?: --Los mapas de Piri Reis. COLON Y LOS TEMPLARIOS: --Quién realmente era Colón? --Templarios: caballeros cruzados con una agenda secreta? --Surgimiento de los templarios --Templarios: guardianes de puertas, constructores de catedrales, marineros y alquimistas --Colón, un templario en Portugal --El papa Inocencio --Una estructura --Una corona a la cual acogerse --El apoyo financiero: judío? --Apoyo logístico: los hermanos Pinzón --Colón en Montecristi, la Andalucía dominicana --España y Portugal se reparten el mundo --la banca, genoveses y otra vez judíos. CRONOLOGÍA DE LAS CRUZADAS EN EL ORIENTE. LOS ARABES ANTES DE LAS CRUZADAS: --Primera, segunda, tercera, cuarta, quinta sexta, séptima y octava cruzadas
590 ## - NOTA LOCAL (RLIN)
Nota local Inventariado, 2025/VM
650 #7 - PUNTO DE ACCESO ADICIONAL DE MATERIA--TÉRMINO DE MATERIA
Término de materia o nombre geográfico como elemento de entrada Cruzadas
650 #7 - PUNTO DE ACCESO ADICIONAL DE MATERIA--TÉRMINO DE MATERIA
Término de materia o nombre geográfico como elemento de entrada Historia medieval
651 #7 - PUNTO DE ACCESO ADICIONAL DE MATERIA--NOMBRE GEOGRÁFICO
Nombre geográfico América
Subdivisión general Descubrimiento y exploraciones
910 ## - DATOS DE OPCIÓN DEL USUARIO (OCLC)
Datos de opción del usuario VMateo V. Control de caldiad BPMSU
942 ## - ELEMENTOS DE PUNTO DE ACCESO ADICIONAL (KOHA)
Fuente del sistema de clasificación o colocación Dewey Decimal Classification
Tipo de ítem Koha Libros
Existencias
Estado de retiro Estado de pérdida Fuente del sistema de clasificación o colocación No para préstamo Código de colección Localización permanente Ubicación/localización actual Fecha de adquisición Total de préstamos Signatura topográfica completa Código de barras Fecha visto por última vez Precio válido a partir de Tipo de ítem Koha
    Dewey Decimal Classification   Colección Dominicana Biblioteca Pública Metropolitana Salomé Ureña Biblioteca Pública Metropolitana Salomé Ureña 07/31/2025   BPMSU CD 970.015 P936g 2019 BPMSU25070093 07/31/2025 07/31/2025 Libros